000
00286nam a2200133Ia 4500
100
_a
Mukhi Vijay
942
_c
BK
654
_a
Computer
245
_a
''''C'''' Odysssey Networks and RDBMS
260
_b
BPB Pub
_a
New Delhi
_c
1992
082
_a
5.13
546
_a
ENGLISH
999
_c
22344
_d
22344